| 000 | 00822nam a22002777a 4500 | ||
|---|---|---|---|
| 003 | CHAP | ||
| 005 | 20220329134936.0 | ||
| 008 | 971013s r 00010 d | ||
| 010 | _a28448 | ||
| 011 | _a29420 | ||
| 035 | _a33531 | ||
| 040 | _cCHAP | ||
| 090 | _aR-4 | ||
| 100 | 0 | 0 |
_aPerry, Bruce A. _987290 |
| 245 | _aCytological relationships in the Euphorbiaceae | ||
| 500 | _aSobretiro de: Virginia J. Sci. 3(5): 140-144. 1942 | ||
| 501 | _aEnc. con otros impresos similares | ||
| 590 |
_aBATCH-UPD _b10 _c20130110 _lUCH01 _h2150 |
||
| 590 |
_aBATCH-UPD _b10 _c20130410 _lUCH01 _h1458 |
||
| 590 |
_aBATCH-UPD _b10 _c20130914 _lUCH01 _h1333 |
||
| 590 |
_aCONVERSION _b10 _c20130109 _lUCH01 _h1316 |
||
| 650 | 1 | 4 |
_aEuforbiƔceas. _938833 |
| 901 | _aBK | ||
| 942 | _cREIMP | ||
| 949 |
_aR-4 _bBC _cR _d-78072 _eTS1 _i33531 _si |
||
| 999 |
_c28448 _d28448 |
||